000 00357 a2200169 4500
001 44951
020 _a9788526264786
040 _cAnchieta - Aquarius
100 _aViana, Maria
240 1 0 _aBão-ba-la-lão
_lpor
245 1 0 _aBão-ba-la-lão
300 _a31
362 0 _a2007
440 1 _aScipione
650 4 _aLiteratura infantil
942 _cBK
999 _c44951
_d44951